=LDR 00000nam 2200000 4500 =001 INLIS000000000048685 =005 20200304021838 =035 ##$$a 0010-121600000000071 =008 200304################g##########0#ind## =040 ##$$a NBPDMAT =082 ##$$a 297.246 =090 ##$$a 297.246$bHil b =100 ##$$a Hilmi Muqaddas Al-Azizi =245 1#$$a Biografi dan ajaran Nabi Khidlir Jilid 1 /$c Hilmi Muqaddas Al Azizi; editor Abu Ais =250 ##$$a Cet. 1 =260 ##$$a Jombang :$b Ash Shofa,$c 2013 =300 ##$$a 100 hlm. ; $c 16x24 cm. =650 #4$$a Nabi Khidlir =700 #$$a Abu Ais =850 ##$$a NBPDMAT =084 ##$$a 297.246 HIL b =990 ##$$a 21600630 =990 ##$$a 21600631 =990 ##$$a 21600632 =990 ##$$a 21600633 =990 ##$$a 21600634